Statistiken für Erfolgreichste Filme der 60er

Klicken Sie hier um das Quiz zu spielen!

Allgemein

  • Dieses Quiz wurde 37 mal gespielt
  • Das Durchschnittsergebnis liegt bei 9 aus 20

Antwortstatistiken

ZuschauerBeschreibungFilm% Korrekt
10.050.018Zwei Blutsbrüder suchen einen großen SilberschatzDer Schatz im Silbersee
97%
7.600.000Indischer Junge wird von Wölfen großgezogen, ist befreundet mit einem Bären und wird von einem Tiger gehasstDas Dschungelbuch
90%
10.473.800Ein Deutscher und ein Indianer schließen eine BlutsbrüderschaftWinnetou 1. Teil
90%
6.852.000Blutsbrüder besiegen einen bösen ÖlbaronWinnetou 2. Teil
90%
6.695.500Agent verhindert Raketenangriff auf die USA durch einen fanatischen ChinesenDr. No
83%
11.425.800Agent verhindert den Diebstahl von Atombomben durch einen EinäugigenFeuerball
83%
10.557.000Agent kämpft gegen einen goldvernarrten SuperbösewichtGoldfinger
83%
6.481.000Agent täuscht seinen Tod vor, um geheim in Japan operieren zu könnenMan lebt nur zweimal
80%
6.806.200Britischer Agent kämpft auf der Route des Orient-Express gegen sowjetische AgentenLiebesgrüße aus Moskau
77%
13.483.400Während der russischen Revolution fühlt sich ein Arzt zu zwei Frauen hingezogenDoktor Schiwago
50%
8.079.400Ein lebendiges Auto stellt in Rennen neue Rekorde auf.Ein toller Käfer
37%
8.450.700Deutscher Blutsbruder muss einen Krieg zwischen Weißen und Indianern verhindernOld Shatterhand
33%
13.000.000Musikalischer Cowboy rächt sich an dem Mörder seines BrudersSpiel mir das Lied vom Tod
33%
7.636.000Polizist will seine große Liebe aus der Prostitution befreienDas Mädchen Irma La Douce
3%
10.850.000Dümmlicher Hundehändler erlebt Abenteuer im 1. WeltkriegDer brave Soldat Schwejk
3%
7.386.000Wettflug dreier wagemutiger Männer über den ÄrmelkanalDie tollkühnen Männer in ihren fliegenden Kisten
3%
7.133.000Singender Kellner will seine Chefin für sich gewinnenIm weißen Rößl
3%
11.532.400Eine Frau, ihre Schwester und ihr Sohn fallen in einem fremden Land in einen Strudel der Exzesse und des HassesDas Schweigen
0%
9.250.000Zwei Gespenster verhelfen einer armen Frau zum ReichtumDas Spukschloß im Spessart
0%
6.500.000Um seine Partnerin zu heiraten, muss ein Mann für ihre Zwillingschwester einen Partner findenKohlhiesels Töchter
0%

Verteilung der Resultate

Perzentil nach korrekt beantworteten Fragen

Anzahl Personen mit jedem Resultat

Ihre Resultats-Entwicklung

Sie haben dieses Quiz noch nicht gespielt